[Event "AUTO-OPEN-1509"]
[Site "http://www.queenalice.com/game.php?id=569975"]
[Date "2009.4.10"]
[Round "1"]
[White "SeteGalos"]
[Black "Dalri_Ultreya"]
[Result "1-0"]
[WhiteElo "1979"]
[BlackElo "1736"]

1. d4 d5 2. c4 Nf6 3. Nf3 c6 4. Nc3 dxc4 5. a4 a6 6. e4 e6 7. Bxc4 Bb4 8. O-O
O-O 9. Qc2 h6 10. Ba2 Nbd7 11. Bb1 c5 12. e5 Bxc3 13. exf6 Nxf6 14. bxc3 cxd4
15. Ba3 Re8 16. Ne5 Qd5 17. cxd4 Qxd4 18. Bb2 Qf4 19. Nxf7 Kxf7 20. Ra3 Bd7 21.
Qg6+ Kf8 22. Rf3 Qg5 23. Rxf6+ Kg8 24. Qh7# 1-0

[Event "AUTO-OPEN-1509"]
[Site "http://www.queenalice.com/game.php?id=569976"]
[Date "2009.4.10"]
[Round "1"]
[White "Dalri_Ultreya"]
[Black "SeteGalos"]
[Result "0-1"]
[WhiteElo "1736"]
[BlackElo "2006"]

1. d4 Nf6 2. Nc3 d5 3. Bg5 Nbd7 4. Bxf6 Nxf6 5. e3 Bf5 6. Nf3 e6 7. Bb5+ c6 8.
Bd3 Bd6 9. Bxf5 exf5 10. O-O O-O 11. h3 Re8 12. a3 h6 13. Nh4 Qd7 14. Qf3 g6 15.
g3 Ne4 16. Kg2 Nd2 17. Qe2 Nxf1 18. Qxf1 b5 19. f4 Rxe3 20. Qf2 Rae8 21. Rd1
Bxa3 22. bxa3 Rxc3 23. Rd3 Rxd3 24. cxd3 a5 25. Nf3 f6 26. Nh4 Kf7 27. Kh2 b4
28. axb4 axb4 29. Qb2 Qb7 30. Nf3 b3 31. h4 Qe7 32. Qxb3 Qe2+ 33. Kh3 Qf1+ 0-1

[Event "AUTO-OPEN-1509"]
[Site "http://www.queenalice.com/game.php?id=569977"]
[Date "2009.4.10"]
[Round "1"]
[White "SeteGalos"]
[Black "AASFIGUEIREDO"]
[Result "1-0"]
[WhiteElo "1927"]
[BlackElo "1855"]

1. d4 d5 2. c4 dxc4 3. Nf3 Nf6 4. e3 Bg4 5. Bxc4 e6 6. h3 Bh5 7. Nc3 Nbd7 8. O-O
Bd6 9. e4 e5 10. Be3 exd4 11. Bxd4 Ne5 12. Bxe5 Bxe5 13. Qxd8+ Rxd8 14. Nxe5 O-O
15. f4 Rfe8 16. g4 1-0

[Event "AUTO-OPEN-1509"]
[Site "http://www.queenalice.com/game.php?id=569978"]
[Date "2009.4.10"]
[Round "1"]
[White "AASFIGUEIREDO"]
[Black "SeteGalos"]
[Result "1/2-1/2"]
[WhiteElo "1862"]
[BlackElo "2009"]

1. e4 c5 2. Nf3 d6 3. Bb5+ Bd7 4. Bxd7+ Qxd7 5. O-O Nc6 6. c3 Nf6 7. Re1 e6 8.
d4 cxd4 9. cxd4 d5 10. e5 Ne4 11. Nbd2 Nxd2 12. Bxd2 Be7 13. a3 O-O 14. Rc1 a5
15. Rc2 Rfc8 16. Qb1 b5 17. Ng5 g6 18. Nf3 b4 19. axb4 Nxb4 20. Rxc8+ Rxc8 21.
Rc1 Rxc1+ 22. Qxc1 a4 23. h4 Qc6 24. Qxc6 Nxc6 25. Bc3 Bd8 26. Kf1 Bb6 27. Ke2
Kg7 1/2-1/2

[Event "AUTO-OPEN-1509"]
[Site "http://www.queenalice.com/game.php?id=646071"]
[Date "2009.9.2"]
[Round "2"]
[White "SeteGalos"]
[Black "Malavida"]
[Result "1-0"]
[WhiteElo "2055"]
[BlackElo "2162"]

1. c4 e6 2. g3 d5 3. Bg2 c5 4. Nf3 Nf6 5. cxd5 exd5 6. d4 Nc6 7. O-O Bd6 8. Nc3
Be6 9. Bg5 c4 10. Bxf6 Qxf6 11. e4 dxe4 12. Nxe4 Qe7 13. d5 1-0

[Event "AUTO-OPEN-1509"]
[Site "http://www.queenalice.com/game.php?id=646072"]
[Date "2009.9.2"]
[Round "2"]
[White "Malavida"]
[Black "SeteGalos"]
[Result "0-1"]
[WhiteElo "2139"]
[BlackElo "2106"]

1. e4 c5 2. c4 Nc6 3. Nc3 Nf6 4. g3 a6 5. Bg2 Rb8 6. Nge2 e5 7. O-O b5 8. d3 Be7
9. f4 O-O 10. f5 bxc4 11. dxc4 d6 12. a3 Na5 13. Rb1 Nxc4 14. Qa4 Na5 0-1

[Event "AUTO-OPEN-1509"]
[Site "http://www.queenalice.com/game.php?id=661972"]
[Date "2009.10.3"]
[Round "3"]
[White "SeteGalos"]
[Black "RobertD"]
[Result "1-0"]
[WhiteElo "2145"]
[BlackElo "2020"]

1. d4 d5 2. e4 dxe4 3. Nc3 Nf6 4. f3 exf3 5. Nxf3 e6 6. Bg5 Be7 7. Bd3 h6 8. Bf4
c6 9. Qd2 b5 10. O-O Bb7 11. Rae1 Nbd7 12. Rxe6 Nf8 13. Rxe7+ Kxe7 14. Nxb5 cxb5
15. Qb4+ Ke8 16. Re1+ Ne6 17. Rxe6+ fxe6 18. Bg6+ Kd7 19. Qd6+ Kc8 20. Qc5+ Kd7
21. Ne5# 1-0

[Event "AUTO-OPEN-1509"]
[Site "http://www.queenalice.com/game.php?id=661973"]
[Date "2009.10.3"]
[Round "3"]
[White "RobertD"]
[Black "SeteGalos"]
[Result "1/2-1/2"]
[WhiteElo "2004"]
[BlackElo "2168"]

1. f4 d5 2. Nf3 Nf6 3. d3 g6 4. e3 Bg7 5. Be2 O-O 6. O-O c5 7. c3 b6 8. d4 Ba6
9. Bxa6 Nxa6 10. Nbd2 Nc7 11. Ne5 Nb5 12. Ndf3 c4 13. h3 Ne4 14. Kh2 f6 15. Nc6
Qd7 16. Nb4 a5 17. Nc2 Nbd6 18. Qe2 b5 19. Bd2 e5 20. fxe5 fxe5 21. dxe5 Nf5 22.
Be1 Qe7 23. g4 Nfg3 24. Bxg3 b4 25. Bf4 g5 26. Bg3 bxc3 27. Ncd4 Nxg3 28. Kxg3
Bxe5+ 29. Kg2 cxb2 30. Qxb2 Rab8 31. Qd2 Bf6 32. Rab1 Rxb1 33. Rxb1 Qe4 34. Rb5
Bxd4 1/2-1/2

[Event "AUTO-MASTER-1182"]
[Site "http://www.queenalice.com/game.php?id=812098"]
[Date "2010.8.2"]
[Round "1"]
[White "Vonkinho"]
[Black "SeteGalos"]
[Result "0-1"]
[WhiteElo "2108"]
[BlackElo "2224"]

1. d4 Nf6 2. c4 e6 3. Nf3 b6 4. g3 Ba6 5. b3 Bb4+ 6. Bd2 Be7 7. Bg2 c6 8. Bc3 d5
9. Ne5 Nfd7 10. Nxd7 Nxd7 11. Nd2 O-O 12. e4 Rc8 13. O-O c5 14. exd5 exd5 15.
Bxd5 Nf6 16. Bg2 cxd4 17. Bb2 b5 18. cxb5 Bxb5 19. Re1 Bb4 20. a3 Bc3 21. Bxc3
dxc3 22. Ne4 c2 23. Qxd8 Rfxd8 24. Nxf6+ gxf6 25. Be4 Re8 26. a4 Rxe4 0-1

[Event "AUTO-MASTER-1182"]
[Site "http://www.queenalice.com/game.php?id=812099"]
[Date "2010.8.2"]
[Round "1"]
[White "SeteGalos"]
[Black "bruno_borges"]
[Result "1-0"]
[WhiteElo "2196"]
[BlackElo "2006"]

1. d4 Nf6 2. c4 e6 3. Nf3 Bb4+ 4. Bd2 Qe7 5. g3 b6 6. Bg2 Bb7 7. O-O O-O 8. Nc3
Nc6 9. a3 Bxc3 10. Bxc3 Ne4 11. Qc2 Nxc3 12. Qxc3 Qf6 13. Ne5 Qd8 14. Nxc6 Bxc6
15. d5 exd5 16. cxd5 Bb5 17. Rfe1 c6 18. a4 Ba6 19. dxc6 dxc6 20. b4 Rc8 21.
Bxc6 b5 22. Rec1 bxa4 23. Qe3 Qb6 24. Qxb6 axb6 25. b5 Rxc6 26. bxc6 Bxe2 27. c7
Rc8 28. Rd1 1-0

[Event "AUTO-MASTER-1182"]
[Site "http://www.queenalice.com/game.php?id=812100"]
[Date "2010.8.2"]
[Round "1"]
[White "bruno_borges"]
[Black "SeteGalos"]
[Result "0-1"]
[WhiteElo "2006"]
[BlackElo "2155"]

1. e4 c5 2. Nf3 e6 3. Bb5 a6 4. Be2 Nc6 5. d4 cxd4 6. Nxd4 Nf6 7. Nc3 Qc7 8. O-O
Nxd4 9. Qxd4 Bd6 10. h3 b5 11. Bg5 Be5 12. Qd2 Bxc3 13. Qxc3 Qxc3 14. bxc3 Nxe4
0-1

[Event "AUTO-MASTER-1182"]
[Site "http://www.queenalice.com/game.php?id=812101"]
[Date "2010.8.2"]
[Round "1"]
[White "SeteGalos"]
[Black "alainbouley"]
[Result "1-0"]
[WhiteElo "2209"]
[BlackElo "2059"]

1. d4 d5 2. c4 c6 3. Nf3 Nf6 4. e3 Bf5 5. Nc3 e6 6. Nh4 Bg4 7. Qb3 Qc7 8. h3 Bh5
9. g4 Bg6 10. Nxg6 fxg6 11. g5 Nfd7 12. Bd2 Be7 13. h4 O-O 14. Bh3 Kf7 15. Bxe6+
Ke8 16. cxd5 Na6 17. Ne4 Qb6 18. d6 Qxb3 19. axb3 Bd8 20. h5 gxh5 21. Rxh5 Rh8
22. Bc3 c5 23. d5 Nb4 24. Kd2 g6 25. Bxh8 gxh5 26. Nf6+ Nxf6 27. gxf6 a6 28. d7+
Kf8 29. Bg7# 1-0

[Event "AUTO-MASTER-1182"]
[Site "http://www.queenalice.com/game.php?id=812102"]
[Date "2010.8.2"]
[Round "1"]
[White "alainbouley"]
[Black "SeteGalos"]
[Result "0-1"]
[WhiteElo "2063"]
[BlackElo "2240"]

1. d4 Nf6 2. Nf3 e6 3. c4 b6 4. g3 Ba6 5. b3 Bb4+ 6. Bd2 Be7 7. Bg2 c6 8. Nc3 d5
9. cxd5 cxd5 10. O-O Nc6 11. Bf4 Rc8 12. Qd2 Ne4 13. Nxe4 dxe4 14. Ng5 Nxd4 15.
Nxe4 Nxe2+ 16. Kh1 Nxf4 17. Qxf4 Bxf1 18. Bxf1 O-O 19. Bc4 b5 20. Bxb5 f5 21.
Nd2 Qd5+ 22. Kg1 Qxb5 23. Nc4 Qd5 24. Re1 Rc6 25. Ne3 Qd2 26. Rd1 Rc1 27. Rxc1
Qxc1+ 28. Kg2 Bc5 29. Qe5 Bxe3 30. Qxe6+ Kh8 31. Qxe3 Qxe3 32. fxe3 Rd8 33. Kf3
Rd2 34. a4 Rxh2 35. b4 g5 36. b5 g4+ 37. Kf4 Rf2+ 38. Kg5 Kg7 39. a5 Rf1 40. b6
h6+ 0-1

[Event "AUTO-MASTER-1182"]
[Site "http://www.queenalice.com/game.php?id=902436"]
[Date "2011.2.18"]
[Round "2"]
[White "SeteGalos"]
[Black "Chandra"]
[Result "1-0"]
[WhiteElo "2253"]
[BlackElo "2488"]

1. d4 Nf6 2. c4 e6 3. g3 d5 4. Nf3 Bb4+ 5. Bd2 Be7 6. Bg2 O-O 7. O-O Nc6 8. Qc2
h6 9. a3 dxc4 10. Qxc4 Qd5 11. Qa4 Bd7 12. Nc3 Qh5 13. Qc2 Bd6 14. h3 Qf5 15. e4
Qg6 16. Rac1 e5 17. dxe5 Nxe5 18. Nh4 Qh7 19. f4 Bc5+ 20. Kh2 Nc6 21. Qd1 Ne8
22. Nd5 Bb6 23. f5 Nd6 24. Bc3 Rad8 25. f6 g5 26. Ne7+ Nxe7 27. fxe7 gxh4 28.
gxh4 1-0

[Event "AUTO-MASTER-1182"]
[Site "http://www.queenalice.com/game.php?id=902437"]
[Date "2011.2.18"]
[Round "2"]
[White "Chandra"]
[Black "SeteGalos"]
[Result "1/2-1/2"]
[WhiteElo "2488"]
[BlackElo "2241"]

1. e4 c5 2. c3 Nf6 3. e5 Nd5 4. d4 cxd4 5. cxd4 d6 6. Nf3 Nc6 7. Bc4 Nb6 8. Bb5
dxe5 9. Nxe5 Bd7 10. Nxd7 Qxd7 11. Nc3 e6 12. O-O Bd6 13. d5 Nxd5 14. Nxd5 exd5
15. Re1+ Be7 16. Bg5 f6 17. Be3 O-O 18. Rc1 Rfd8 19. Qb3 f5 20. Red1 Qe6 21. Ba4
Bf6 22. Qxb7 Na5 23. Qb5 Nc4 24. Qc6 Kf7 25. Qb7+ Kg8 26. Qc6 Kf7 27. Qb7+ Kg8
28. Qc6 Kf7 1/2-1/2

[Event "AUTO-MASTER-1182"]
[Site "http://www.queenalice.com/game.php?id=902439"]
[Date "2011.2.18"]
[Round "2"]
[White "Jerick"]
[Black "SeteGalos"]
[Result "0-1"]
[WhiteElo "2466"]
[BlackElo "2282"]

1. e4 c5 2. Nf3 e6 3. Nc3 a6 4. d4 b5 5. Bg5 Qc7 6. d5 d6 7. Bd3 h6 8. Bh4 e5 9.
O-O Nd7 10. Qd2 Ngf6 11. b3 Be7 12. Rfb1 O-O 13. h3 Rb8 14. b4 Re8 15. a4 g5 16.
Bg3 bxa4 17. Rxa4 cxb4 18. Raxb4 Rxb4 19. Rxb4 Nc5 20. Rc4 Bd7 21. h4 g4 22.
Nxe5 dxe5 23. Qxh6 Nh7 24. Be2 Bf8 25. Qe3 a5 26. f3 gxf3 27. Qxf3 a4 28. Bf2
Ra8 29. Qg3+ Kh8 30. Bh5 Be8 31. Bd4 Bd6 32. Be3 a3 33. Bh6 f6 34. Bxe8 Rxe8 35.
Na2 Rg8 36. Qxa3 Qb7 37. Nc1 Nxe4 38. Qf3 Ng3 39. Rg4 e4 40. Rxg8+ Kxg8 41. Qg4+
Ng5 42. Bxg5 f5 43. Qd1 Qb6+ 44. Kh2 Nf1+ 45. Kh1 Qf2 46. Ne2 Ng3+ 47. Nxg3 Qxg3
48. Kg1 e3 0-1